000 00758nam a2200193Ii 4500
003 JO-AjNU
008 230605s9999||||xx |||||||||||||| ||und||
040 _aJO-AjNU
_bara
_erda
_cJO-AjNU
041 _aara
050 1 4 _aZ674.4 A2438 1986
100 3 _aبدر، عادل فهمي ,
_eauthor
_945236
245 0 0 _aبنوك المعلومات واثرها على التنمية الشاملة
264 3 1 _aعمان : المنظمة العربية للعلوم الادارية ، 1986
300 _a255ص
336 _atext
_btxt
_2rdacontent
337 _aunmediated
_bn
_2rdamedia
338 _avolume
_bnc
_2rdacarrier
650 4 _aمراكز المعلومات- تنظيم المعلومات - ادارة عامه-معالجة البيانات
_945237
999 _aA19593
_c23161
_d23161